000 00214nam a22000857a 4500
008 161122b xxu||||| |||| 00| 0 eng d
100 _91331
_aDahl.R.
245 _aJames and the Giant Peach
260 _aUSA
_bJonathan
_c1995
999 _c4043
_d4043